LIBRARY & INFORMATION CENTRE, KCAET, TAVANUR

ONLINE PUBLIC ACCESS CATALOGUE (OPAC)

Age of Words worth / (Record no. 6832)

MARC details
000 -LEADER
fixed length control field 00377cam a2200157ua 4500
041 ## - LANGUAGE CODE
Language code of text/sound track or separate title eng
082 ## - DEWEY DECIMAL CLASSIFICATION NUMBER
Classification number 828.09
Item number HER/AG
100 ## - MAIN ENTRY--AUTHOR NAME
Personal name Herford, C H .
245 ## - TITLE STATEMENT
Title Age of Words worth /
250 ## - EDITION STATEMENT
Edition statement 1 /
260 ## - PUBLICATION, DISTRIBUTION, ETC. (IMPRINT)
Place of publication London :
Name of publisher G Bell and sons Ltd ,
Year of publication 1960.
300 ## - PHYSICAL DESCRIPTION
Number of Pages 315 ; .
942 ## - ADDED ENTRY ELEMENTS (KOHA)
Koha item type Books
Holdings
Withdrawn status Lost status Damaged status Home library Current library Date acquired Full call number Accession Number Koha item type
Withdrawn     KAUAET Sanskrit University 07/04/2012 828.09 11756 Books
free website counter